Torschützen der EM 2020 - Statistiken

Allgemein
  • Dieses Quiz wurde 892 mal gespielt
  • Das Durchschnittsergebnis liegt bei 9 aus 13
Antwortstatistiken
Tore Nationalität Spieler % Korrekt
5 Portugal Cristiano Ronaldo
100%
4 England Harry Kane
95%
4 Belgien Romelu Lukaku
91%
5 Tschechien Patrik Schick
89%
3 Polen Robert Lewandowski
89%
4 Frankreich Karim Benzema
76%
3 England Raheem Sterling
69%
3 Spanien Alvaro Morata
63%
4 Schweden Emil Forsberg
53%
3 Schweiz Xherdan Shaqiri
50%
3 Schweiz Haris Seferovic
46%
3 Dänemark Kasper Dolberg
25%
3 Niederlande Georginio Wijnaldum
18%
Keine übereinstimmenden Quizze gefunden
Verteilung der Resultate
Anzahl Personen mit jedem Resultat
Perzentil nach korrekt beantworteten Fragen
Ihre Resultats-Entwicklung
Sie haben dieses Quiz noch nicht gespielt